| 000 | 01261nam a22001457a 4500 | ||
|---|---|---|---|
| 020 | _a8131711447 | ||
| 082 | _a150.72,STA | ||
| 100 |
_aStanovich, Keith E. _953104 |
||
| 245 |
_aHow to think straight about Psychology / _cKeith E. Stanovich |
||
| 250 | _a7th ed. | ||
| 260 |
_aDorling kinderseley _bPearson _c2007 |
||
| 300 | _a226p | ||
| 505 | _aPsychology Is Alive and Well (and Doing Fine Among the Sciences) (Page-1), Falsifiability: How to Foil Little Green Men in the Head (Page-19), Operationism and Essentialism: "But, Doctor, What Does It Really Mean?" (Page-35), Testimonials and Case Study Evidence: Placebo Effects and the Amazing Randi (Page-51), Correlation and Causation: Birth Control by the Toaster Method (Page-69), Getting Things Under Control: The Case of Clever Hans (Page-81), "But It's Not Real Life!": The "Artificiality" Criticism and Psychology (Page-99), Avoiding the Einstein Syndrome: The Importance of Converging Evidence (Page-113), The Misguided Search for the "Magic Bullet": The Issue of Multiple Causation (Page-131), The Achilles' Heel of Human Cognition: Probabilistic Reasoning (Page-139), The Role of Chance in Psychology (Page-153), The Rodney Dangerfield of the Sciences (Page-175). | ||
| 942 |
_cBK _2ddc _k150.72,STA |
||
| 999 |
_c176839 _d176839 |
||